000 00399nam a2200169Ia 4500
008 220216s9999 xx 000 0 und d
100 _aRadziah N Z
245 0 _aCylindrocladium leaf spot
260 _bPlanters Bulletin
_c1988
300 _a146-149
650 _aCylindrocladium
650 _aDisease control
650 _aLeaf spot
650 _aRubber
700 _aChee K H
942 _cJS
999 _c56696
_d56696